[Event "LUX-ch U18"]
[Site "Bonnevoie"]
[Date "2000.02.27"]
[Round "2"]
[White "Hansen, Herve"]
[Black "Pereira, Patrick"]
[Result "1-0"]
[WhiteElo "1765"]
[BlackElo "1450"]
[PlyCount "41"]
[EventDate "2000.02.26"]
[EventType "swiss"]
[EventRounds "7"]
[EventCountry "LUX"]
[SourceTitle "EXT 2005"]
[Source "ChessBase"]
[SourceDate "2004.11.15"]
[SourceVersion "1"]
[SourceVersionDate "2004.11.15"]
[SourceQuality "1"]

1. e4 e5 2. Nf3 Nc6 3. d4 d5 4. exd5 Qxd5 5. Nc3 Qe6 6. d5 Qd7 7. dxc6 Qxd1+ 8. Kxd1 Bd6 9. Bb5 a6 10. cxb7+ axb5 11. bxa8Q Ne7 12. Nxb5 0-0 13. Nxd6 Bh3 14. Qxf8+ Kxf8 15. gxh3 cxd6 16. a4 Nc6 17. a5 Nxa5 18. Rxa5 g6 19. Bh6+ Ke7 20. Ra7+ Ke6 21. c4 1-0